000
00288nam a22001337a 4500
008
170824b xxu||||| |||| 00| 0 eng d
020
_a
0534932649
041
_a
eng
080
_a
51
100
_a
38
101
_a
MAT
245
_a
FOUNDATIONS OF TOPOLOGY
_c
PATTY,C.W
942
_2
udc
_c
BK
999
_c
24768
_d
24768